00611cam a2200205Ii 4500020001800000020001800018020001500036020001500051040000800066082002700074245007900101300005100180490002900231490002900260650002500289650002500314650002800339700001800367700002000385 a9781920901356 a9781920901356 a1920901353 a1920901353 cAU@04a363 VOI 1986 C166 Or.00aGood earths :bregional and historical insights into China's environment / axxv, 292 pages :billustrations, maps ;c24 cm0 aFrontiers of Asia series0 aFrontiers of Asia series 0aEnvironmental policy 0aEnvironmental health 0aSustainable development1 aAbe, Ken-ichi1 aNickum, James E